Crusade in Europe / (Record no. 186244)
[ view plain ]
| 000 -LEADER | |
|---|---|
| fixed length control field | 01239 a2200193 4500 |
| 003 - CONTROL NUMBER IDENTIFIER | |
| control field | Nust |
| 005 - DATE AND TIME OF LATEST TRANSACTION | |
| control field | 20230131133455.0 |
| 010 ## - LIBRARY OF CONGRESS CONTROL NUMBER | |
| LC control number | 52002207 |
| 040 ## - CATALOGING SOURCE | |
| Transcribing agency | Nust |
| 082 ## - DEWEY DECIMAL CLASSIFICATION NUMBER | |
| Classification number | 940.546,EIS |
| 100 ## - MAIN ENTRY--PERSONAL NAME | |
| Personal name | Eisenhower, Dwight David |
| 9 (RLIN) | 108245 |
| 245 ## - TITLE STATEMENT | |
| Title | Crusade in Europe / |
| Statement of responsibility, etc. | Dwight D Eisenhower, |
| 260 ## - PUBLICATION, DISTRIBUTION, ETC. | |
| Place of publication, distribution, etc. | N.Y., Garden City Books |
| Name of publisher, distributor, etc. | Garden City |
| Date of publication, distribution, etc. | 1952, c1948 |
| 300 ## - PHYSICAL DESCRIPTION | |
| Extent | 573 p. |
| Other physical details | illus. |
| Dimensions | 19 cm. |
| 505 ## - FORMATTED CONTENTS NOTE | |
| Formatted contents note | Prelude to War (Page-3),Global War (Page-19), Command Post for Marshall (Page-36), Platform for Invasion (Page-56), Planning Torch (Page-83), Invasion of Africa (Page-106), Winter in Algiers (Page-128), Tunisian Campaign (Page-150), Husky (Page-176), Sicily and Salerno (Page-191), Cairo Conference (Page-212), Italy (Page-221), Planning Overloard (Page-242), D-Day and Lodgment (Page-278), Breakout (Page-292), Pursuit and The Battle of Supply (Page-316), Autumn Fighting on Germany’s Frontier (Page-351), Hitler’s Last Bid (Page-374), Crossing the Rhine (Page-400), Assault and Encirclement (Page-423), Overrunning Germany (Page-441), V-E Aftermath (Page-466), Operation Study (Page-489), Russia (Page-499). |
| 600 ## - SUBJECT ADDED ENTRY--PERSONAL NAME | |
| Personal name | Eisenhower, Dwight David |
| 9 (RLIN) | 108245 |
| 650 ## - SUBJECT ADDED ENTRY--TOPICAL TERM | |
| Topical term or geographic name entry element | Crusade in Europe |
| 9 (RLIN) | 108246 |
| 942 ## - ADDED ENTRY ELEMENTS (KOHA) | |
| Source of classification or shelving scheme | |
| Koha item type | Book |
| Withdrawn status | Lost status | Source of classification or shelving scheme | Damaged status | Not for loan | Permanent Location | Current Location | Shelving location | Date acquired | Shelving control number | Full call number | Barcode | Date last seen | Price effective from | Koha item type | Public note |
|---|---|---|---|---|---|---|---|---|---|---|---|---|---|---|---|
| Military College of Signals (MCS) | Military College of Signals (MCS) | General Stacks | 12/12/2016 | History | 940.546,EIS | MCS29277 | 12/08/2016 | 12/12/2016 | Book | Almirah No.60, Shelf No.3 |
